| 000 | 01404nam a22003614a 4500 | ||
|---|---|---|---|
| 001 | ebr10273174 | ||
| 003 | CaPaEBR | ||
| 006 | m u | ||
| 007 | cr cn||||||||| | ||
| 008 | 021219s2003 enk sb 001 0 eng | ||
| 010 | _z 2002155694 | ||
| 020 | _z0195158539 | ||
| 020 | _z0195091833 (pbk.) | ||
| 040 |
_aCaPaEBR _cCaPaEBR |
||
| 035 | _a(OCoLC)122256911 | ||
| 041 | 1 |
_aeng _hlat |
|
| 050 | 1 | 4 |
_aBJ1400 _b.T4813 2003eb |
| 082 | 0 | 4 |
_a111/.84 _221 |
| 100 | 0 |
_aThomas, _cAquinas, Saint, _d1225?-1274. |
|
| 240 | 1 | 0 |
_aQuaestiones disputatae de malo. _lEnglish |
| 245 | 1 | 0 |
_aOn evil _h[electronic resource] / _cThomas Aquinas ; translated by Richard Regan ; edited with an introduction and notes by Brian Davies. |
| 260 |
_aOxford ; _aNew York : _bOxford University Press, _c2003. |
||
| 300 | _axviii, 540 p. | ||
| 504 | _aIncludes bibliographical references (p. 531-535) and index. | ||
| 533 |
_aElectronic reproduction. _bPalo Alto, Calif. : _cebrary, _d2013. _nAvailable via World Wide Web. _nAccess may be limited to ebrary affiliated libraries. |
||
| 650 | 0 | _aGood and evil. | |
| 650 | 0 |
_aSin _xChristianity. |
|
| 655 | 7 |
_aElectronic books. _2local |
|
| 700 | 1 | _aRegan, Richard J. | |
| 700 | 1 |
_aDavies, Brian, _d1951- |
|
| 710 | 2 | _aebrary, Inc. | |
| 856 | 4 | 0 |
_uhttp://site.ebrary.com/lib/rucke/Doc?id=10273174 _zAn electronic book accessible through the World Wide Web; click to view |
| 999 |
_c6758 _d6758 |
||